LEADER 01265nam a2200301 i 4500 001 991003816849707536 005 20030103110552.0 008 020211s2000 it ||| | ita 020 $a8846418220 035 $ab11868752-39ule_inst 035 $aPRUMB65670$9ExL 040 $aDUSS - Diploma Universitario in Servizio Sociale$bita 082 0 $a363.44094 100 1 $aCarchedi, Francesco$0123677 245 12$aI colori della notte :$bmigrazioni, sfruttamento sessuale, esperienze di intervento sociale /$ccura di Francesco Carchedi ... [et al.] 260 $aMilano :$bF. Angeli 300 $a409 p. ;$c23 cm. 650 4$aDonne immigrate$xCondizioni economiche e sociali$zEuropa 650 4$aEmigranti - Donne - Prostituzione$xAssistenza$zGrecia 650 4$aEmigranti - Donne - Prostituzione$xAssistenza$zItalia 650 4$aEmigranti - Donne - Prostituzione$xAssistenza - Spagna 650 4$aProstituzione - Europa$ySec. 20. 907 $a.b11868752$b08-09-15$c03-01-03 912 $a991003816849707536 945 $aLE024 SS/A VI 2$g1$i2024000024956$lle021$nex DUSS$o-$pE0.00$q-$rl$s- $t0$u12$v4$w12$x0$y.i12121873$z03-01-03 996 $aColori della notte$9901171 997 $aUNISALENTO 998 $ale021$b01-01-02$cm$da $e-$fita$git $h2$i1 LEADER 02472oas 2200949 a 450 001 9910146519103321 005 20260225213012.0 011 $a2162-5247 035 $a(DE-599)ZDB2067726-1 035 $a(DE-599)2067726-1 035 $a(OCoLC)61312813 035 $a(CONSER) 2010234816 035 $a(CKB)954925488820 035 $a(EXLCZ)99954925488820 100 $a20050822a19799999 uy a 101 0 $aeng 135 $aurun||||||||| 181 $ctxt$2rdacontent 182 $cc$2rdamedia 183 $acr$2rdacarrier 200 10$aAcademe 210 $aWashington, D.C. $cAmerican Association of University Professors$d1979- 300 $aTitle from cover (JSTOR, viewed Feb. 24, 2010). 311 08$a0190-2946 517 1 $aMagazine of the American Association of University Professors 606 $aCollege teachers$zUnited States$vPeriodicals 606 $aUniversities 606 $aProfesseurs (Enseignement supe?rieur)$zE?tats-Unis$vPe?riodiques 606 $aUniversite?s 606 $a81.80 tertiary education$3(NL-LeOCL)077601041$2bcl 606 $aCollege teachers$2fast 607 $aUnited States$2fast$1https://id.oclc.org/worldcat/entity/E39PBJtxgQXMWqmjMjjwXRHgrq 608 $aperiodicals.$2aat 608 $aPeriodicals$2fast 608 $aPeriodicals.$2lcgft 608 $aPe?riodiques.$2rvmgf 615 0$aCollege teachers 615 2$aUniversities 615 6$aProfesseurs (Enseignement supe?rieur) 615 6$aUniversite?s. 615 7$a81.80 tertiary education. 615 7$aCollege teachers 676 $a378.1 712 02$aAmerican Association of University Professors. 801 0$bOCLCS 801 1$bOCLCS 801 2$bOCLCS 801 2$bTXJ 801 2$bCIT 801 2$bEYM 801 2$bHUL 801 2$bDLC 801 2$bOCLCQ 801 2$bOCLCF 801 2$bUMC 801 2$bVT2 801 2$bCUI 801 2$bOCLCQ 801 2$bGILDS 801 2$bOCLCO 801 2$bOCLCQ 801 2$bUAB 801 2$bOCLCL 801 2$bCRL 801 2$bOCLCE 801 2$bLND 801 2$bAU@ 801 2$bAUD 801 2$bCUD 801 2$bHTM 801 2$bZ5A 801 2$bWT2 801 2$bEZN 801 2$bUKBOL 801 2$bCRL 801 2$bOCLCL 801 2$bAAE 801 2$bOCLCL 906 $aJOURNAL 912 $a9910146519103321 996 $aAcademe$92203334 997 $aUNINA